'L' TV Shows by Picture Quiz Stats

Quiz Updated Dec 6, 2013

Challenge
Share
Tweet
Score 0/20 Timer 05:00
3 Plays Today
Location Show % Correct
Lassie
92.6%
Lost
91.5%
The Late Show with David Letterman
89.8%
Little House on the Prairie
75.6%
The Lone Ranger
74.9%
The Love Boat
71.5%
Laverne & Shirley
69.9%
Law and Order: SVU
68.6%
Leave it to Beaver
64.7%
Lois & Clark: The New Adventures of Superman
50.6%
Location Show % Correct
Let's Make a Deal
49.8%
The Lawrence Welk Show
41.7%
Las Vegas
31.8%
Lizzie McGuire
28.3%
Last Comic Standing
26.1%
Lie to Me
25.6%
Land of the Lost
21.3%
The League
18.3%
Laguna Beach: The Real Orange County
14.4%
Lipstick Jungle
11.4%

You're not logged in!

Compare scores with friends on all Sporcle quizzes.
Sign Up with Email
OR
Log In

You Might Also Like...

Show Comments

Extras

Top Quizzes Today


Score Distribution

Your Account Isn't Verified!

In order to create a playlist on Sporcle, you need to verify the email address you used during registration. Go to your Sporcle Settings to finish the process.

Report this User

Report this user for behavior that violates our Community Guidelines.

Details: